000 00216nam a2200097Ia 4500
100 _aYADAV/R.
942 _cBK
245 _aHEAT AND MASS TRANSFER
260 _bCENTRAL PUBLICATION
_aAllahabad
_c2009
546 _aENGLISH
999 _c20509
_d20509